000 00557nam a22001817a 4500
005 20251108174732.0
008 250721s2009 xx 000 0 ara d
082 1 4 _a811.06/شحا
100 1 _aشحادة، رعد صبحي
_eمعد
245 1 0 _aروائع من حكم و شعر الإمام الشافعي /
264 1 _aعمان :
_bدار البيت العتيق،
_c2009.
300 _a79ص.
650 1 7 _aعصر الاسلام
650 1 7 _aالشعر العربي
653 _aالشعر الديني
942 _2ddc
_cBK
999 _c116720
_d116720